|
|
|
|
| LEADER |
01625nam a2200373 a 4500 |
| 001 |
36564 |
| 003 |
BD-DhAAL |
| 005 |
20191203131530.0 |
| 008 |
191203t1992 enka b 000 0 eng d |
| 999 |
|
|
|c 41973
|d 41973
|
| 010 |
|
|
|a 92010381
|
| 020 |
|
|
|a 0195857577 (pbk) :
|c $16.00
|
| 020 |
|
|
|a 0195857674 (cloth)
|
| 020 |
|
|
|a 9780195857573
|
| 040 |
|
|
|a DLC
|c DLC
|d DLC
|d BD-DhAAL
|
| 043 |
|
|
|a a------
|
| 050 |
0 |
0 |
|a HG187.A2
|b G47 1992
|
| 082 |
0 |
0 |
|a 332.1095
|2 20
|
| 100 |
1 |
|
|a Ghate, Prabhu,
|d 1941-
|9 37864
|
| 245 |
1 |
0 |
|a Informal finance :
|b some findings from Asia /
|c Prabhu Ghate ; in association with Arindam Das-Gupta ... [et al.] ; with an analytical note by T.N. Srinivasan.
|
| 260 |
|
|
|a Oxford :
|b Published for the Asian Development Bank by Oxford University Press,
|c c1992.
|
| 300 |
|
|
|a xvii, 250 pages :
|b illustrations ;
|c 23 cm.
|
| 504 |
|
|
|a Includes bibliographical references (pages 237-250).
|
| 526 |
|
|
|a ESS
|
| 541 |
|
|
|a Complimentary copy from Professor Dr. Nasreen Khundker
|e 36564
|
| 650 |
|
0 |
|a Finance
|z Asia
|x Case studies.
|9 37865
|
| 650 |
|
0 |
|a Informal sector (Economics)
|z Asia
|v Case studies.
|9 37866
|
| 650 |
|
0 |
|a Credit
|z Asia
|v Case studies.
|9 37867
|
| 650 |
|
0 |
|a Banks and banking
|x State supervision
|z Asia
|v Case studies.
|9 37868
|
| 700 |
1 |
|
|a Das-Gupta, Arindam.
|9 37869
|
| 710 |
2 |
|
|a Asian Development Bank.
|9 37870
|
| 852 |
|
|
|a Ayesha Abed Library
|c General Stacks
|
| 942 |
|
|
|2 ddc
|c BK
|
| 952 |
|
|
|0 0
|1 0
|2 ddc
|4 0
|6 332_109500000000000_GHA
|7 0
|9 67345
|a BRACUL
|b BRACUL
|c GEN
|d 2019-12-03
|e Complimentary copy from Professor Dr. Nasreen Khundker
|l 0
|o 332.1095 GHA
|p 3010036564
|r 2019-12-03
|t 1
|w 2019-12-03
|y BK
|